[Event "AUT-ch U16"]
[Site "St Veit"]
[Date "2023.04.04"]
[Round "5"]
[White "Hengl, Philip"]
[Black "Kuti, Oliver"]
[Result "1-0"]
[WhiteElo "2072"]
[BlackElo "2012"]
[PlyCount "79"]
[EventDate "2023.04.02"]
[EventType "swiss"]
[EventRounds "7"]
[EventCountry "AUT"]
[SourceTitle "EXT 2024"]
[Source "ChessBase"]
[SourceDate "2023.10.10"]
[SourceVersion "1"]
[SourceVersionDate "2023.10.10"]
[SourceQuality "1"]

1. d4 Nf6 2. Nf3 g6 3. c4 Bg7 4. e3 0-0 5. Be2 c5 6. d5 e6 7. 0-0 exd5 8. cxd5 d6 9. Nc3 a6 10. a4 Bg4 11. h3 Bxf3 12. Bxf3 Nbd7 13. Qc2 Re8 14. e4 Qc7 15. Bf4 c4 16. g4 Nc5 17. Bg2 Nfd7 18. Bg3 Nd3 19. Kh2 N7c5 20. f3 Nb3 21. Rab1 Nd4 22. Qd2 b5 23. Ne2 Nxe2 24. Qxe2 bxa4 25. Qc2 Reb8 26. Qxa4 Rxb2 27. Rxb2 Nxb2 28. Qa3 Rd8 29. Qxa6 c3 30. Rc1 c2 31. Qc6 Qxc6 32. dxc6 Nd3 33. Rxc2 Be5 34. Bxe5 Nxe5 35. c7 Rc8 36. Bf1 Nxf3+ 37. Kg3 Nd4 38. Ba6 Nxc2 39. Bxc8 Nd4 40. Bd7 1-0

[Event "AUT-ch U16"]
[Site "St Veit"]
[Date "2023.04.02"]
[Round "1"]
[White "Schramml, Fabian"]
[Black "Kuti, Oliver"]
[Result "0-1"]
[WhiteElo "1607"]
[BlackElo "2012"]
[PlyCount "64"]
[EventDate "2023.04.02"]
[EventType "swiss"]
[EventRounds "7"]
[EventCountry "AUT"]
[SourceTitle "EXT 2024"]
[Source "ChessBase"]
[SourceDate "2023.10.10"]
[SourceVersion "1"]
[SourceVersionDate "2023.10.10"]
[SourceQuality "1"]

1. e4 c5 2. Nf3 d6 3. c3 Nf6 4. Be2 g6 5. 0-0 Bg7 6. Re1 0-0 7. Bf1 Nc6 8. d4 cxd4 9. cxd4 Bg4 10. d5 Ne5 11. Nbd2 Qa5 12. Be2 Bxf3 13. Bxf3 Qb4 14. a3 Qd4 15. Nb3 Qxd1 16. Bxd1 Nd3 17. Re3 Nxc1 18. Nxc1 Rac8 19. f3 Nxd5 20. exd5 Bxb2 21. Rb1 Bd4 22. Kf2 Rc3 23. Ne2 Bxe3+ 24. Ke1 Rxa3 25. Rxb7 Re8 26. Ng3 Bb6 27. Be2 Rb3 28. Kd1 Rc8 29. Rxe7 Ba5 30. Ba6 Rb1+ 31. Ke2 Re1+ 32. Kd3 Rc3+ 0-1

[Event "AUT-ch U16"]
[Site "St Veit"]
[Date "2022.04.13"]
[Round "6"]
[White "Kuti, Oliver"]
[Black "Elsaesser, Daniel"]
[Result "0-1"]
[WhiteElo "1971"]
[BlackElo "1583"]
[PlyCount "88"]
[EventDate "2022.04.10"]
[EventType "swiss"]
[EventRounds "7"]
[EventCountry "AUT"]
[SourceTitle "EXT 2023"]
[Source "ChessBase"]
[SourceDate "2022.10.05"]
[SourceVersion "1"]
[SourceVersionDate "2022.10.05"]
[SourceQuality "1"]

1. e4 c5 2. c3 d5 3. exd5 Qxd5 4. d4 Nc6 5. Nf3 Nf6 6. Be3 Bg4 7. Be2 cxd4 8. cxd4 e6 9. Nc3 Bb4 10. a3 Bxc3+ 11. bxc3 0-0 12. 0-0 Rac8 13. Rb1 Na5 14. Rb5 Qd8 15. Bg5 b6 16. Qc1 Nc4 17. Bxc4 Rxc4 18. Ne5 Be2 19. Nxc4 Bxc4 20. Re5 Bxf1 21. Kxf1 Re8 22. Qf4 Nd5 23. Qg4 Qc7 24. Bh6 Qc4+ 25. Kg1 g6 26. h4 Qxc3 27. Qe2 Qxd4 28. Bc1 Nf4 29. Qb5 Rf8 30. Bb2 Qd1+ 31. Kh2 Qg4 32. Qc6 Qxh4+ 33. Kg1 Nd3 34. g3 Nxe5 35. Bxe5 Qd8 36. Bd6 Re8 37. Be5 Qd1+ 38. Kh2 Rd8 39. Qc7 Qd2 40. Kg2 Qd7 41. Qc3 Qd5+ 42. Kg1 Qc5 43. Qa1 Rd2 44. Qe1 Qd5 0-1

[Event "AUT-ch U16"]
[Site "St Veit"]
[Date "2022.04.11"]
[Round "3"]
[White "Miazhynski, Michael"]
[Black "Kuti, Oliver"]
[Result "1/2-1/2"]
[WhiteElo "2072"]
[BlackElo "1971"]
[PlyCount "61"]
[EventDate "2022.04.10"]
[EventType "swiss"]
[EventRounds "7"]
[EventCountry "AUT"]
[SourceTitle "EXT 2023"]
[Source "ChessBase"]
[SourceDate "2022.10.05"]
[SourceVersion "1"]
[SourceVersionDate "2022.10.05"]
[SourceQuality "1"]

1. Nf3 Nf6 2. c4 g6 3. g3 Bg7 4. Bg2 c6 5. 0-0 0-0 6. Nc3 d5 7. cxd5 cxd5 8. d4 Ne4 9. Nxe4 dxe4 10. Ng5 Bxd4 11. Nxe4 Nc6 12. Nc3 Be6 13. Qa4 Rc8 14. Bh6 Bg7 15. Bxg7 Kxg7 16. Rfd1 Qb6 17. Qb5 Qxb5 18. Nxb5 a6 19. Nc3 Rfd8 20. Bxc6 Rxd1+ 21. Rxd1 Rxc6 22. f3 b5 23. a3 f5 24. Kf2 Kf6 25. Rd2 Rb6 26. Rd4 Bc4 27. b4 Rc6 28. Ke3 h5 29. h4 Rc8 30. f4 Ke6 31. Kd2 1/2-1/2

[Event "AUT-ch U14"]
[Site "St Veit"]
[Date "2021.10.27"]
[Round "4.5"]
[White "Stadlinger, Lukas"]
[Black "Kuti, Oliver"]
[Result "0-1"]
[WhiteElo "1702"]
[BlackElo "1987"]
[PlyCount "86"]
[EventDate "2021.10.25"]
[EventType "swiss"]
[EventRounds "7"]
[EventCountry "AUT"]
[SourceTitle "EXT 2023"]
[Source "ChessBase"]
[SourceDate "2022.10.05"]
[SourceVersion "1"]
[SourceVersionDate "2022.10.05"]
[SourceQuality "1"]

1. d4 Nf6 2. Nc3 d5 3. Bf4 e6 4. Nb5 Na6 5. a3 Be7 6. e3 c6 7. Nc3 0-0 8. Nf3 c5 9. Be2 Bd7 10. 0-0 Nb8 11. Ne5 Nc6 12. Qd2 Nxe5 13. Bxe5 Bc6 14. Rac1 Nd7 15. Bg3 Bf6 16. Bd6 cxd4 17. exd4 Re8 18. f4 Qb6 19. Rfd1 h6 20. Kh1 Nf8 21. Be5 Be7 22. f5 Bg5 23. Bf4 Bxf4 24. Qxf4 Qxb2 25. Rd3 exf5 26. Rg3 Ng6 27. Qd2 f4 28. Rf3 Qb6 29. Rb1 Qc7 30. Bd3 Qd6 31. Bxg6 Qxg6 32. Rxf4 Re7 33. Rbf1 Rae8 34. h3 Qg5 35. Qf2 Qg6 36. Rg4 Qe6 37. Rg3 g6 38. Qd2 Kg7 39. h4 f5 40. h5 g5 41. Rgf3 f4 42. Kh2 Qg4 43. Rh3 Re2 0-1

[Event "AUT-ch U14"]
[Site "St Veit"]
[Date "2021.10.26"]
[Round "3.5"]
[White "Kuti, Oliver"]
[Black "Trummer, Alexander"]
[Result "1-0"]
[WhiteElo "1987"]
[BlackElo "1625"]
[PlyCount "33"]
[EventDate "2021.10.25"]
[EventType "swiss"]
[EventRounds "7"]
[EventCountry "AUT"]
[SourceTitle "EXT 2023"]
[Source "ChessBase"]
[SourceDate "2022.10.05"]
[SourceVersion "1"]
[SourceVersionDate "2022.10.05"]
[SourceQuality "1"]

1. e4 e5 2. Nf3 Nc6 3. Bc4 Bc5 4. 0-0 d6 5. c3 Bg4 6. h3 h5 7. d4 exd4 8. hxg4 hxg4 9. cxd4 gxf3 10. Qxf3 Qh4 11. Qxf7+ Kd8 12. Qf8+ Kd7 13. Qf5+ Ke8 14. Qg6+ Kd7 15. Be6+ Kd8 16. Bg5+ Nf6 17. Bxh4 1-0

[Event "Innsbruck op 5th"]
[Site "Innsbruck"]
[Date "2021.08.22"]
[Round "3"]
[White "Leeb, Simon"]
[Black "Kuti, Oliver"]
[Result "1-0"]
[WhiteElo "2207"]
[BlackElo "1988"]
[PlyCount "101"]
[EventDate "2021.08.21"]
[EventType "swiss"]
[EventRounds "9"]
[EventCountry "AUT"]
[SourceTitle "CBM 204 Extra"]
[Source "ChessBase"]
[SourceDate "2021.11.30"]
[SourceVersion "1"]
[SourceVersionDate "2021.11.30"]
[SourceQuality "1"]

1. d4 Nf6 2. Nc3 d5 3. Bf4 e6 4. e3 Bb4 5. Nge2 0-0 6. a3 Be7 7. Ng3 b6 8. Bd3 Ba6 9. Nb5 Bxb5 10. Bxb5 c5 11. c3 a6 12. Bd3 Nc6 13. Qf3 Nd7 14. Rd1 Re8 15. Ne2 cxd4 16. Nxd4 Qc8 17. Nxc6 Qxc6 18. c4 Qa4 19. cxd5 exd5 20. 0-0 Nf6 21. Be5 Qg4 22. Be2 Qe6 23. Bd4 b5 24. Rc1 Rac8 25. Qg3 Rc6 26. Bd3 Rec8 27. Rxc6 Rxc6 28. Qb8+ Qc8 29. Qxc8+ Rxc8 30. Rd1 g6 31. a4 bxa4 32. Bxa6 Ra8 33. Bb7 Ra5 34. Ra1 Ne4 35. Bc6 a3 36. bxa3 Bxa3 37. Bxd5 Rxd5 38. Rxa3 Rd8 39. f3 Nd6 40. Bf6 Rc8 41. h4 Ne8 42. Bd4 Kf8 43. Ra7 Nd6 44. Bf6 Re8 45. e4 Re6 46. Ra8+ Ne8 47. Bd4 h6 48. Kf2 Kg8 49. Ke3 Kh7 50. g4 Nd6 51. Rh8# 1-0

[Event "AUT-ch U14 Online Rapid"]
[Site "Playchess.com INT"]
[Date "2020.12.13"]
[Round "3"]
[White "Gschiel, Alexander"]
[Black "Kuti, Oliver"]
[Result "1/2-1/2"]
[WhiteElo "1818"]
[BlackElo "1687"]
[PlyCount "107"]
[EventDate "2020.12.13"]
[EventType "swiss (rapid)"]
[EventRounds "7"]
[EventCountry "AUT"]
[SourceTitle "EXT 2022"]
[Source "ChessBase"]
[SourceDate "2021.10.06"]
[SourceVersion "1"]
[SourceVersionDate "2021.10.06"]
[SourceQuality "1"]

1. d4 Nf6 2. c4 g6 3. Nc3 Bg7 4. e4 d6 5. Nf3 0-0 6. Be2 e5 7. d5 a5 8. Be3 Ng4 9. Bg5 f6 10. Bd2 f5 11. h3 Nf6 12. Qc1 Nxe4 13. Nxe4 fxe4 14. Ng5 Na6 15. Nxe4 Qh4 16. Bf3 Nc5 17. Bg5 Nd3+ 18. Kf1 Qxe4 19. Bxe4 Nxc1 20. Rxc1 Bf5 21. Bxf5 Rxf5 22. Be3 Raf8 23. c5 e4 24. cxd6 cxd6 25. Ke2 Rxd5 26. Rc7 Rb5 27. b3 Rbf5 28. Rxb7 d5 29. Bc5 Rc8 30. Rc1 Bf8 31. Be3 Rxc1 32. Bxc1 d4 33. Rb8 Kg7 34. Rc8 Rc5 35. Rxf8 Rxc1 36. Re8 Rc2+ 37. Kf1 d3 38. Ke1 Re2+ 39. Kf1 Rxa2 40. Rxe4 Rb2 41. Ke1 Rxb3 42. Kd2 Kf6 43. g4 h6 44. Ra4 Rb2+ 45. Kxd3 Rxf2 46. Ke4 Rh2 47. Ra3 Kg5 48. Rxa5+ Kh4 49. Ra6 Rxh3 50. Rxg6 Ra3 51. Rxh6+ Kxg4 52. Rd6 Ra4+ 53. Rd4 Rxd4+ 54. Kxd4 1/2-1/2

[Event "AUT-chT District U18 Online Rapid"]
[Site "Playchess.com INT"]
[Date "2020.12.12"]
[Round "8"]
[White "Kuti, Oliver"]
[Black "Tumanyan, Gor"]
[Result "0-1"]
[WhiteElo "1678"]
[BlackElo "1605"]
[PlyCount "100"]
[EventDate "2020.12.12"]
[EventType "team-swiss (rapid)"]
[EventRounds "9"]
[EventCountry "AUT"]
[SourceTitle "EXT 2022"]
[Source "ChessBase"]
[SourceDate "2021.10.06"]
[SourceVersion "1"]
[SourceVersionDate "2021.10.06"]
[SourceQuality "1"]

1. e4 e6 2. d4 d5 3. e5 c5 4. c3 Nc6 5. Nf3 Nge7 6. Na3 Nf5 7. Nc2 cxd4 8. cxd4 Bd7 9. Be2 Be7 10. 0-0 0-0 11. Ne3 Nxe3 12. fxe3 Rc8 13. Bd2 Qb6 14. Rb1 Na5 15. Bxa5 Qxa5 16. a3 Rc7 17. Qd3 g6 18. b4 Qa4 19. Rfc1 Rfc8 20. Rxc7 Rxc7 21. Nd2 Qc2 22. Nb3 Qxd3 23. Bxd3 Rc3 24. Nc1 Rxa3 25. b5 Rc3 26. Kf2 Ba3 27. Rb3 Rxb3 28. Nxb3 b6 29. Nd2 Kf8 30. Nf3 h6 31. g4 Ke7 32. h4 Kd8 33. h5 g5 34. Ke2 Kc7 35. Kd2 a6 36. bxa6 b5 37. Kc3 Kb6 38. Kb3 Be7 39. e4 Kxa6 40. Nd2 Bc6 41. Kc3 Ka5 42. exd5 Bxd5 43. Be4 Bb4+ 44. Kd3 Bxd2 45. Bxd5 exd5 46. Kxd2 b4 47. Kc2 Ka4 48. Kb2 b3 49. Kb1 Kb4 50. Kb2 Kc4 0-1

[Event "AUT-ch U14 Online Blitz"]
[Site "Playchess.com INT"]
[Date "2020.12.11"]
[Round "7"]
[White "Kuti, Oliver"]
[Black "Lerch, Johannes"]
[Result "1-0"]
[WhiteElo "1630"]
[BlackElo "1820"]
[PlyCount "69"]
[EventDate "2020.12.11"]
[EventType "swiss (blitz)"]
[EventRounds "7"]
[EventCountry "AUT"]
[SourceTitle "EXT 2022"]
[Source "ChessBase"]
[SourceDate "2021.10.06"]
[SourceVersion "1"]
[SourceVersionDate "2021.10.06"]
[SourceQuality "1"]

1. e4 c5 2. Nf3 d6 3. d4 cxd4 4. Nxd4 Nf6 5. Nc3 g6 6. Be3 Bg7 7. f3 0-0 8. Qd2 Nc6 9. g4 Be6 10. Nxe6 fxe6 11. 0-0-0 Ne5 12. Be2 Rc8 13. Nb5 a6 14. Nd4 Qd7 15. h4 Nc4 16. Bxc4 Rxc4 17. h5 Rfc8 18. c3 b5 19. hxg6 hxg6 20. Kb1 e5 21. Nb3 b4 22. cxb4 Qb5 23. Bh6 Qxb4 24. Bxg7 Kxg7 25. Qh6+ Kf7 26. g5 Nh5 27. Qh7+ Ng7 28. Rh6 Rg8 29. Qxg6+ Kf8 30. Rh7 a5 31. Rdh1 a4 32. Rxg7 Qe1+ 33. Rxe1 Rxg7 34. Qf5+ Rf7 35. Qe6 1-0

[Event "AUT-ch U14 Online Blitz"]
[Site "Playchess.com INT"]
[Date "2020.12.11"]
[Round "5"]
[White "Leitner, Thomas"]
[Black "Kuti, Oliver"]
[Result "0-1"]
[WhiteElo "1620"]
[BlackElo "1593"]
[PlyCount "36"]
[EventDate "2020.12.11"]
[EventType "swiss (blitz)"]
[EventRounds "7"]
[EventCountry "AUT"]
[SourceTitle "EXT 2022"]
[Source "ChessBase"]
[SourceDate "2021.10.06"]
[SourceVersion "1"]
[SourceVersionDate "2021.10.06"]
[SourceQuality "1"]

1. d4 Nf6 2. c4 g6 3. Nc3 Bg7 4. Bg5 h6 5. Bh4 0-0 6. e4 d6 7. Be2 c5 8. d5 Qa5 9. Qd2 e6 10. dxe6 Bxe6 11. Nf3 Nc6 12. 0-0 Nd7 13. Qxd6 Bxc3 14. bxc3 Qxc3 15. Rac1 Qa5 16. Qf4 Qxa2 17. Qg5 hxg5 18. Bxg5 Nde5 0-1

[Event "EU Union-ch U12 17th"]
[Site "Mureck"]
[Date "2019.08.02"]
[Round "3"]
[White "Zargarov, Mikayel"]
[Black "Kuti, Oliver"]
[Result "1/2-1/2"]
[WhiteElo "1599"]
[BlackElo "1700"]
[PlyCount "74"]
[EventDate "2019.07.31"]
[EventType "swiss"]
[EventRounds "9"]
[EventCountry "AUT"]
[SourceTitle "EXT 2020"]
[Source "ChessBase"]
[SourceDate "2019.10.17"]
[SourceVersion "1"]
[SourceVersionDate "2019.10.17"]
[SourceQuality "1"]

1. Nf3 Nf6 2. d4 g6 3. c3 Bg7 4. Bg5 0-0 5. Nbd2 d6 6. e4 c5 7. dxc5 dxc5 8. Bc4 Nc6 9. 0-0 Nd7 10. Qe2 Nde5 11. Bb3 a6 12. a4 Rb8 13. Rad1 b5 14. Nxe5 Nxe5 15. Nf3 Qc7 16. axb5 axb5 17. Bf4 Bg4 18. Bxe5 Bxe5 19. h3 Bxf3 20. Qxf3 b4 21. Bc4 e6 22. Rd3 Rfd8 23. Rfd1 Rxd3 24. Qxd3 Bf6 25. Qf3 Rd8 26. Rxd8+ Qxd8 27. cxb4 Bxb2 28. bxc5 Qa5 29. Qe2 Qxc5 30. Qxb2 Qxc4 31. Qe5 Qb4 32. g3 Kf8 33. Kg2 Ke7 34. Qc7+ Kf6 35. Qf4+ Kg7 36. Qe5+ Kf8 37. h4 h5 1/2-1/2

[Event "EU Union-ch U12 17th"]
[Site "Mureck"]
[Date "2019.07.31"]
[Round "1"]
[White "Gerard, Francois"]
[Black "Kuti, Oliver"]
[Result "0-1"]
[WhiteElo "1247"]
[BlackElo "1700"]
[PlyCount "122"]
[EventDate "2019.07.31"]
[EventType "swiss"]
[EventRounds "9"]
[EventCountry "AUT"]
[SourceTitle "EXT 2020"]
[Source "ChessBase"]
[SourceDate "2019.10.17"]
[SourceVersion "1"]
[SourceVersionDate "2019.10.17"]
[SourceQuality "1"]

1. e4 e5 2. Nf3 Nc6 3. Bc4 Nf6 4. Nc3 Nxe4 5. Nxe4 d5 6. Bd3 dxe4 7. Bxe4 Bd6 8. d4 exd4 9. Bxc6+ bxc6 10. Nxd4 0-0 11. 0-0 Qf6 12. Nb3 Bb7 13. Re1 Rad8 14. Qe2 Rd7 15. Qg4 Re7 16. Rxe7 Qxe7 17. Be3 Qe5 18. g3 c5 19. Qc4 Bd5 20. Qa4 Qxb2 21. Rd1 Bf3 22. Rc1 Qe5 23. Qh4 Be7 24. Qf4 Qd5 25. Nd2 Bh5 26. Qxc7 Bg5 27. Bxg5 Qxg5 28. f4 Qd5 29. Nb3 Bg6 30. Qxa7 Qf3 31. Qa6 Be4 32. Qf1 Qh1+ 33. Kf2 Qxh2+ 34. Ke1 Qxg3+ 35. Qf2 Qxf2+ 36. Kxf2 c4 37. Nd2 Bd5 38. Ke3 Re8+ 39. Kd4 Rd8 40. Kc3 h5 41. Rg1 h4 42. Rg4 h3 43. Rh4 Be6 44. Nf1 g6 45. Ne3 Kg7 46. a4 Rh8 47. Rxh8 Kxh8 48. Nf1 Kg7 49. Kd2 Kf6 50. Ke3 Ke7 51. a5 Kd6 52. Kf2 Kc5 53. a6 Kb6 54. a7 Kxa7 55. Kg3 Kb6 56. Ne3 Kb5 57. Kh2 Kb4 58. Kg3 Kc3 59. Kh2 Kd2 60. Nf1+ Kxc2 61. Ne3+ Kd3 0-1

[Event "Budapest Karacsonyi op 10th"]
[Site "Budapest"]
[Date "2018.12.30"]
[Round "6"]
[White "Kuti, Oliver"]
[Black "Daroczi, Donat"]
[Result "0-1"]
[WhiteElo "1582"]
[BlackElo "1914"]
[PlyCount "60"]
[EventDate "2018.12.27"]
[EventType "swiss"]
[EventRounds "7"]
[EventCountry "HUN"]
[SourceTitle "CBM 188 Extra"]
[Source "ChessBase"]
[SourceDate "2019.02.26"]
[SourceVersion "1"]
[SourceVersionDate "2019.02.26"]
[SourceQuality "1"]

1. e4 e6 2. d4 d5 3. e5 c5 4. c3 Ne7 5. Bd3 Nec6 6. Nf3 Nd7 7. a3 Be7 8. b4 b6 9. Be3 0-0 10. 0-0 f6 11. Qa4 Bb7 12. Qc2 f5 13. g3 Kh8 14. Nbd2 g5 15. Nb1 h6 16. Ne1 cxd4 17. cxd4 f4 18. Bh7 fxe3 19. Qg6 e2 20. Nd2 exf1Q+ 21. Nxf1 Rxf2 22. Qxh6 Rxf1+ 23. Kg2 Qf8 24. Qh5 Qf2+ 25. Kh3 g4+ 26. Qxg4 Kxh7 27. Qh5+ Kg7 28. Qg4+ Kf8 29. Nd3 Qf5 30. Rxf1 Qxf1# 0-1

[Event "Budapest Karacsonyi op 10th"]
[Site "Budapest"]
[Date "2018.12.30"]
[Round "7"]
[White "Kuti, Oliver"]
[Black "Szurkos, Andras"]
[Result "1-0"]
[WhiteElo "1582"]
[BlackElo "1632"]
[PlyCount "101"]
[EventDate "2018.12.27"]
[EventType "swiss"]
[EventRounds "7"]
[EventCountry "HUN"]
[SourceTitle "CBM 188 Extra"]
[Source "ChessBase"]
[SourceDate "2019.02.26"]
[SourceVersion "1"]
[SourceVersionDate "2019.02.26"]
[SourceQuality "1"]

1. e4 e5 2. Nf3 Nc6 3. Bc4 Bc5 4. Nc3 Nf6 5. d3 0-0 6. Be3 Bxe3 7. fxe3 d6 8. a3 Qe7 9. 0-0 Be6 10. Nd5 Bxd5 11. Bxd5 Nxd5 12. exd5 Nd8 13. Qe1 e4 14. Nd4 c6 15. Nf5 Qd7 16. Qg3 f6 17. dxc6 Nxc6 18. Qxd6 Qxd6 19. Nxd6 exd3 20. cxd3 b6 21. Rac1 Ne5 22. d4 Ng4 23. Rf3 Rfd8 24. Nf5 g6 25. h3 gxf5 26. hxg4 fxg4 27. Rxf6 Re8 28. Kf2 Kg7 29. Rf4 h5 30. Rc7+ Kg6 31. Rff7 Rf8 32. Rxf8 Rxf8+ 33. Kg3 Kg5 34. Rg7+ Kf5 35. Rxa7 Re8 36. Kf2 h4 37. Rf7+ Kg6 38. Rf4 Kg5 39. d5 Rc8 40. d6 Rd8 41. Rd4 Rd7 42. Rd5+ Kg6 43. e4 Rf7+ 44. Ke3 h3 45. gxh3 gxh3 46. d7 h2 47. d8Q h1Q 48. Qg8+ Rg7 49. Rd6+ Kh5 50. Qh8+ Kg5 51. Qxg7+ 1-0

[Event "Budapest Karacsonyi op 10th"]
[Site "Budapest"]
[Date "2018.12.29"]
[Round "5"]
[White "Nagy, Gyorgy1111"]
[Black "Kuti, Oliver"]
[Result "0-1"]
[WhiteElo "1825"]
[BlackElo "1582"]
[PlyCount "90"]
[EventDate "2018.12.27"]
[EventType "swiss"]
[EventRounds "7"]
[EventCountry "HUN"]
[SourceTitle "CBM 188 Extra"]
[Source "ChessBase"]
[SourceDate "2019.02.26"]
[SourceVersion "1"]
[SourceVersionDate "2019.02.26"]
[SourceQuality "1"]

1. d4 Nf6 2. c4 g6 3. Nc3 Bg7 4. e4 d6 5. f3 0-0 6. Be3 e5 7. Nge2 exd4 8. Nxd4 c6 9. Qd2 Re8 10. 0-0-0 a5 11. g4 Na6 12. h4 h5 13. gxh5 Nxh5 14. Rg1 Nc5 15. Rg5 Bxd4 16. Bxd4 Ne6 17. Rg1 Nxd4 18. Qxd4 Qxh4 19. Qxd6 Qf2 20. Be2 Qe3+ 21. Qd2 Qxd2+ 22. Rxd2 Bh3 23. Bd1 Rad8 24. Rg5 Rxd2 25. Kxd2 Be6 26. Rxa5 Bxc4 27. Ke3 Rd8 28. Bc2 Ng3 29. Bb3 Nf1+ 30. Kf4 Bxb3 31. axb3 Nd2 32. b4 Rd3 33. Ra7 Rxf3+ 34. Kg4 b5 35. Ra6 Rf6 36. Nxb5 Nxe4 37. Nd4 c5 38. Ra8+ Kg7 39. bxc5 Nxc5 40. Rb8 Nd3 41. Nf3 Rf4+ 42. Kg3 Rb4 43. Rxb4 Nxb4 44. Nd4 Kf6 45. Kf4 Nd3+ 0-1

[Event "Budapest Karacsonyi op 10th"]
[Site "Budapest"]
[Date "2018.12.28"]
[Round "2"]
[White "Karacsonyi, Kata"]
[Black "Kuti, Oliver"]
[Result "1-0"]
[WhiteElo "1907"]
[BlackElo "1582"]
[PlyCount "73"]
[EventDate "2018.12.27"]
[EventType "swiss"]
[EventRounds "7"]
[EventCountry "HUN"]
[SourceTitle "CBM 188 Extra"]
[Source "ChessBase"]
[SourceDate "2019.02.26"]
[SourceVersion "1"]
[SourceVersionDate "2019.02.26"]
[SourceQuality "1"]

1. e4 e5 2. Nf3 Nc6 3. Bb5 a6 4. Bxc6 dxc6 5. 0-0 Bg4 6. h3 h5 7. d3 Qf6 8. Nbd2 0-0-0 9. hxg4 hxg4 10. Nh2 Qh4 11. Qxg4+ Qxg4 12. Nxg4 Rd6 13. Nc4 Re6 14. Ncxe5 Nh6 15. Nxh6 gxh6 16. Bf4 Bd6 17. Nxf7 Bxf4 18. Nxh8 Be5 19. Nf7 Bxb2 20. Rab1 Bg7 21. Rxb7 Rf6 22. Ra7 c5 23. Ne5 Re6 24. Ra8+ Kb7 25. Rd8 Bxe5 26. f4 Bd4+ 27. Kh1 Rf6 28. e5 Bxe5 29. Rb1+ Kc6 30. fxe5 Re6 31. Re1 Kb5 32. Rf8 Kc6 33. Rf6 Kd5 34. c4+ Kd4 35. Rxe6 Kxd3 36. Rxa6 Kxc4 37. e6 1-0

[Event "EU Union-ch U12 16th"]
[Site "Mureck"]
[Date "2018.08.06"]
[Round "6"]
[White "Kuti, Oliver"]
[Black "Leitner, Thomas"]
[Result "0-1"]
[WhiteElo "1361"]
[BlackElo "1584"]
[PlyCount "90"]
[EventDate "2018.08.01"]
[EventType "swiss"]
[EventRounds "9"]
[EventCountry "AUT"]
[SourceTitle "CBM 186 Extra"]
[Source "ChessBase"]
[SourceDate "2018.08.24"]
[SourceVersion "1"]
[SourceVersionDate "2018.08.24"]
[SourceQuality "1"]

1. e4 c5 2. c3 d5 3. e5 Bf5 4. d4 e6 5. Nf3 Nc6 6. Be2 h6 7. a3 a6 8. b4 c4 9. Bd2 Nge7 10. a4 Nc8 11. Na3 Nb6 12. a5 Nd7 13. Nc2 f6 14. exf6 Nxf6 15. Ne3 Bh7 16. h3 Ne4 17. Ng4 Bd6 18. 0-0 0-0 19. Qc1 Qe7 20. Be3 Bf5 21. Nd2 Nf6 22. Nxf6+ Rxf6 23. Kh1 Raf8 24. g4 Bh7 25. g5 R6f7 26. gxh6 Qh4 27. Bg4 gxh6 28. Rg1 Kh8 29. Qf1 Rxf2 30. Bxf2 Rxf2 31. Qxf2 Qxf2 32. Rg2 Qf7 33. Rf1 Qe7 34. Rgf2 Nd8 35. Rf6 Kg7 36. R6f2 Bd3 37. Rg1 Kh8 38. Nf1 Qh4 39. Rgg2 Be4 40. Bf3 Qxh3+ 41. Kg1 Bxf3 42. Nd2 Bxg2 43. Rxg2 Qe3+ 44. Kf1 Bg3 45. Nb1 Qe1# 0-1

[Event "AUT-ch U12"]
[Site "St Kanzian"]
[Date "2018.05.21"]
[Round "5.6"]
[White "Kuti, Oliver"]
[Black "Enache, Dorothea"]
[Result "1-0"]
[WhiteElo "1311"]
[BlackElo "1485"]
[PlyCount "121"]
[EventDate "2018.05.19"]
[EventType "swiss"]
[EventRounds "7"]
[EventCountry "AUT"]
[SourceTitle "EXT 2024"]
[Source "ChessBase"]
[SourceDate "2023.10.10"]
[SourceVersion "1"]
[SourceVersionDate "2023.10.10"]
[SourceQuality "1"]

1. e4 c6 2. Nc3 d5 3. Nf3 a6 4. d4 Bg4 5. Be2 dxe4 6. Nxe4 Nf6 7. Nxf6+ exf6 8. 0-0 Bd6 9. Re1 0-0 10. h3 Bh5 11. a4 Qc7 12. c4 Rd8 13. Be3 Bb4 14. Bd2 Be7 15. Bc3 Nd7 16. Bd3 Nf8 17. Re3 Bg6 18. Qe1 Bd6 19. c5 Bf4 20. Ba5 Qc8 21. Bxg6 Nxg6 22. Bxd8 Bxe3 23. Bxf6 Bxf2+ 24. Qxf2 gxf6 25. Nh4 Kg7 26. Nf5+ Kg8 27. Nh6+ Kg7 28. Nf5+ Kg8 29. Ng3 Ne7 30. Qxf6 Nd5 31. Qg5+ Kh8 32. Nf5 Qg8 33. Qxg8+ Rxg8 34. Nd6 Rg3 35. Re1 Rb3 36. Nxf7+ Kg7 37. Nd6 Rxb2 38. Rf1 Ne3 39. Nf5+ Nxf5 40. Rxf5 Rb4 41. d5 Rxa4 42. d6 Rd4 43. Re5 Kf6 44. Re7 Rd5 45. Rxh7 Rxc5 46. Rxb7 Ke6 47. d7 Rd5 48. Rc7 Rxd7 49. Rxc6+ Rd6 50. Rxd6+ Kxd6 51. Kf2 Kc5 52. Ke2 Kb4 53. Kd2 Ka3 54. Kc1 Ka2 55. Kc2 a5 56. h4 a4 57. h5 Ka1 58. h6 Ka2 59. h7 a3 60. g4 Ka1 61. h8Q+ 1-0

[Event "AUT-ch U12"]
[Site "St Kanzian"]
[Date "2018.05.20"]
[Round "3.13"]
[White "Kuti, Oliver"]
[Black "Nowakowski, Paul"]
[Result "1-0"]
[WhiteElo "1311"]
[BlackElo "1096"]
[PlyCount "53"]
[EventDate "2018.05.19"]
[EventType "swiss"]
[EventRounds "7"]
[EventCountry "AUT"]
[SourceTitle "EXT 2024"]
[Source "ChessBase"]
[SourceDate "2023.10.10"]
[SourceVersion "1"]
[SourceVersionDate "2023.10.10"]
[SourceQuality "1"]

1. e4 c5 2. c3 Nc6 3. d4 d6 4. Nf3 g6 5. Be2 Bg7 6. d5 Ne5 7. Nxe5 Bxe5 8. 0-0 Bg7 9. Na3 a6 10. Bf4 Qc7 11. Rc1 Nf6 12. Re1 Nxe4 13. Qa4+ b5 14. Qxe4 0-0 15. Nc2 Bf5 16. Qe3 Rfe8 17. Bd3 Bd7 18. Qg3 Rad8 19. Ne3 Rb8 20. Nf5 Qc8 21. Nxe7+ Rxe7 22. Rxe7 Qb7 23. Bxd6 Rc8 24. Qf3 Rf8 25. Qg3 a5 26. Bf5 gxf5 27. Be5 1-0

[Event "AUT-ch U12"]
[Site "St Kanzian"]
[Date "2018.05.19"]
[Round "2.14"]
[White "Hoerfarter, Alexander"]
[Black "Kuti, Oliver"]
[Result "1/2-1/2"]
[WhiteElo "1111"]
[BlackElo "1311"]
[PlyCount "92"]
[EventDate "2018.05.19"]
[EventType "swiss"]
[EventRounds "7"]
[EventCountry "AUT"]
[SourceTitle "EXT 2024"]
[Source "ChessBase"]
[SourceDate "2023.10.10"]
[SourceVersion "1"]
[SourceVersionDate "2023.10.10"]
[SourceQuality "1"]

1. e4 e5 2. Bc4 Nf6 3. d3 Nc6 4. Nf3 Bc5 5. Nc3 h6 6. b3 d6 7. Bb2 Na5 8. Qd2 Nxc4 9. dxc4 0-0 10. 0-0-0 a5 11. Nxe5 Qe7 12. Nd3 Nxe4 13. Nxe4 Qxe4 14. f3 Qe7 15. Rhe1 Be6 16. Nxc5 dxc5 17. Qc3 Qg5+ 18. Rd2 Rfd8 19. Red1 Rd4 20. g3 Rxd2 21. Qxd2 Qxd2+ 22. Rxd2 a4 23. Be5 axb3 24. cxb3 c6 25. Bd6 b6 26. Bc7 b5 27. cxb5 cxb5 28. Kb2 c4 29. Rd8+ Rxd8 30. Bxd8 Kf8 31. Kc3 Ke8 32. Ba5 cxb3 33. axb3 Kd7 34. b4 Kd6 35. Kd4 f5 36. f4 g5 37. fxg5 hxg5 38. Ke3 Kd5 39. Kf3 Kd4 40. h3 Bd5+ 41. Kf2 f4 42. gxf4 gxf4 43. h4 Ke4 44. Bb6 Kf5 45. h5 Kg5 46. Bc7 f3 1/2-1/2